000 00611nam a2200253Ia 4500
005 20250425162745.0
008 250425s9999 xx 000 0 und d
020 _a9992485302
041 _aspa
043 _anq
082 _a658
100 _aEDELBERG, GUILLERMO S
245 0 _aTEMAS GERENCIALES DE ACTUALIDAD
250 _a1A ED
260 _aMANAGUA
260 _aNicaragua
_bINCAE
_c2004
300 _a120
500 _aDONADO POR GUILLEMO AROSEMENA
650 _aADMINISTRACION DE EMPRESAS
650 _aLIDERAZGO
650 _aSELECCION DE PERSONAL
942 _c01
010 _a105824
999 _c235810
_d235810